[Event "Lipetsk Region-ch sf"]
[Site "Lipetsk"]
[Date "2009.09.25"]
[Round "1"]
[White "Kurdiukova, Sofia"]
[Black "Yarovoy, I."]
[Result "0-1"]
[WhiteElo "1630"]
[BlackElo "2110"]
[PlyCount "44"]
[EventDate "2009.09.25"]
[EventType "swiss"]
[EventRounds "8"]
[EventCountry "RUS"]
[SourceTitle "EXT 2022"]
[Source "ChessBase"]
[SourceDate "2021.10.06"]
[SourceVersion "1"]
[SourceVersionDate "2021.10.06"]
[SourceQuality "1"]

1. d4 d6 2. c4 e5 3. e3 Be7 4. Nc3 Nf6 5. Nf3 Nbd7 6. Bd3 0-0 7. 0-0 Re8 8. h3 b6 9. b3 Bb7 10. Bc2 exd4 11. Nxd4 Bf8 12. Bb2 g6 13. Qe2 Qe7 14. Ncb5 Nc5 15. Nf3 Bg7 16. Rad1 Nh5 17. Bxg7 Nf4 18. Qd2 Nxh3+ 19. Kh2 Bxf3 20. gxf3 Qh4 21. Bf6 Ng5+ 22. Kg1 Nxf3+ 0-1

[Event "Lipetsk-ch"]
[Site "Lipetsk"]
[Date "2009.06.06"]
[Round "8"]
[White "Kasantsev, Anatolij B"]
[Black "Yarovoy, I."]
[Result "1-0"]
[WhiteElo "2093"]
[BlackElo "2143"]
[PlyCount "101"]
[EventDate "2009.05.22"]
[EventType "swiss"]
[EventRounds "9"]
[EventCountry "RUS"]
[SourceTitle "EXT 2022"]
[Source "ChessBase"]
[SourceDate "2021.10.06"]
[SourceVersion "1"]
[SourceVersionDate "2021.10.06"]
[SourceQuality "1"]

1. d4 d5 2. c4 e6 3. Nc3 Nf6 4. cxd5 exd5 5. Bg5 Be7 6. e3 0-0 7. Bd3 c6 8. Qc2 Nbd7 9. Nf3 Re8 10. h3 Nf8 11. Bf4 Ng6 12. Bh2 Bd6 13. Bxd6 Qxd6 14. 0-0-0 Bd7 15. g4 Qe7 16. Nd2 Kh8 17. g5 Ng8 18. h4 Bg4 19. Rdg1 Bh5 20. Nf1 Nf8 21. Ng3 Bg6 22. Nf5 Bxf5 23. Bxf5 Qd6 24. h5 b5 25. Kb1 a5 26. Ne2 a4 27. Rc1 Ne7 28. Ng3 Reb8 29. Qc5 Nxf5 30. Nxf5 Qe6 31. Ng3 Ra6 32. Qb4 Nd7 33. Qc3 Qg4 34. Qd3 Qxg5 35. Rcg1 Qf6 36. Nf5 Rg8 37. Rg4 a3 38. b3 Nc5 39. Qc2 Ne4 40. Ng3 Nxg3 41. Rxg3 b4 42. Rhg1 g6 43. hxg6 fxg6 44. Rg4 Rc8 45. Rf4 Qg7 46. Qc5 Rb8 47. Qd6 Rab6 48. Rc1 g5 49. Rf5 Rg8 50. Rg1 Qg6 51. Qe5+ 1-0

[Event "Lipetsk-ch"]
[Site "Lipetsk"]
[Date "2009.05.31"]
[Round "6"]
[White "Filin, Alexander"]
[Black "Yarovoy, I."]
[Result "0-1"]
[WhiteElo "2162"]
[BlackElo "2143"]
[PlyCount "128"]
[EventDate "2009.05.22"]
[EventType "swiss"]
[EventRounds "9"]
[EventCountry "RUS"]
[SourceTitle "EXT 2022"]
[Source "ChessBase"]
[SourceDate "2021.10.06"]
[SourceVersion "1"]
[SourceVersionDate "2021.10.06"]
[SourceQuality "1"]

1. c4 c5 2. Nc3 Nf6 3. g3 d5 4. cxd5 Nxd5 5. Bg2 Nc7 6. Nf3 Nc6 7. a3 e5 8. 0-0 Be7 9. b4 cxb4 10. axb4 Nxb4 11. Nxe5 0-0 12. d4 Nbd5 13. Nxd5 Nxd5 14. e4 Nc3 15. Qd3 Qxd4 16. Qxd4 Ne2+ 17. Kh1 Nxd4 18. Be3 Rd8 19. Rfd1 Nc6 20. Nxc6 Rxd1+ 21. Rxd1 bxc6 22. e5 Bg4 23. Rd4 Rd8 24. Rxd8+ Bxd8 25. Bxa7 Bd7 26. Bc5 f6 27. exf6 Bxf6 28. Be4 Kf7 29. Kg2 h6 30. Kf3 Be7 31. Be3 c5 32. Bd5+ Be6 33. Ke4 Kf6 34. Bf4 Bf5+ 35. Ke3 Be6 36. Bc6 Kf5 37. f3 Bg5 38. Bxg5 Kxg5 39. Ke4 Kf6 40. Bb5 Bb3 41. Bd7 Ke7 42. Bc8 Kd6 43. Bb7 Bc2+ 44. Ke3 Ke5 45. f4+ Kf5 46. Bc8+ Kf6 47. Kd2 Bf5 48. Bb7 g5 49. fxg5+ Kxg5 50. Ke3 Kg4 51. Bg2 Bc2 52. Bf1 Ba4 53. Kf2 Bb3 54. h3+ Kf5 55. Ke3 Ke5 56. Kd3 Bd5 57. Be2 c4+ 58. Ke3 c3 59. Kd3 Bc4+ 60. Kxc3 Bxe2 61. Kd2 Bf1 62. h4 Kf5 63. Ke3 Kg4 64. Kf2 Bh3 0-1

[Event "Lipetsk-ch"]
[Site "Lipetsk"]
[Date "2009.05.22"]
[Round "1"]
[White "Natsvin, Vyacheslav"]
[Black "Yarovoy, I."]
[Result "0-1"]
[WhiteElo "1868"]
[BlackElo "2143"]
[PlyCount "60"]
[EventDate "2009.05.22"]
[EventType "swiss"]
[EventRounds "9"]
[EventCountry "RUS"]
[SourceTitle "EXT 2022"]
[Source "ChessBase"]
[SourceDate "2021.10.06"]
[SourceVersion "1"]
[SourceVersionDate "2021.10.06"]
[SourceQuality "1"]

1. c4 e6 2. Nc3 f5 3. g3 Nf6 4. Bg2 Be7 5. d4 0-0 6. Nf3 d6 7. Qb3 Nc6 8. 0-0 Ne4 9. e3 Na5 10. Qc2 Nxc3 11. Qxc3 Nc6 12. b3 Bf6 13. Bb2 Qe8 14. Qd2 b6 15. Rac1 Bb7 16. c5 Ba6 17. Rfd1 dxc5 18. dxc5 Rd8 19. Qc2 Nb4 20. Rxd8 Qxd8 21. Bxf6 Qxf6 22. Qc3 Qxc3 23. Rxc3 Rd8 24. Rc1 bxc5 25. Ng5 Rd6 26. a3 Na2 27. Re1 Nc3 28. e4 h6 29. Nh3 fxe4 30. Bxe4 Nxe4 0-1

[Event "Agzamov Memorial 02nd"]
[Site "Tashkent"]
[Date "2008.03.19"]
[Round "1"]
[White "Zubarev, Alexander2222"]
[Black "Yarovoy, I."]
[Result "1-0"]
[WhiteElo "2491"]
[BlackElo "2157"]
[PlyCount "69"]
[EventDate "2008.03.18"]
[EventType "swiss"]
[EventRounds "9"]
[EventCountry "UZB"]
[SourceTitle "CBM 123 Extra"]
[Source "ChessBase"]
[SourceDate "2008.05.06"]
[SourceVersion "1"]
[SourceVersionDate "2008.05.06"]
[SourceQuality "1"]

1. d4 d6 2. Nf3 Nf6 3. c4 Nbd7 4. Nc3 e5 5. Bg5 Be7 6. e3 0-0 7. Qc2 exd4 8. exd4 Re8 9. 0-0-0 Nf8 10. h3 Ne6 11. Be3 g6 12. g4 Nd7 13. h4 Nf6 14. h5 Nxg4 15. hxg6 hxg6 16. Bd3 Nxe3 17. fxe3 Kg7 18. Rdg1 Rh8 19. Rxh8 Qxh8 20. Bxg6 Qh6 21. Be4+ Kf8 22. Nd5 c6 23. Qg2 Ng5 24. Nxg5 Bxg5 25. Qxg5 Qxg5 26. Rxg5 cxd5 27. Rxd5 Ke7 28. Rh5 Be6 29. Bxb7 Rg8 30. Bd5 Bxd5 31. Rxd5 Rg2 32. Ra5 Re2 33. Rxa7+ Ke6 34. Ra3 Kf5 35. Rc3 1-0